Movies Quiz

Random Movies or Director Quiz

Steven Spielberg Movies Quiz Stats

 Plays Quiz Updated Jul 1, 2021

     
Support Sporcle.
Go Orange.
Score 0/31 Timer 10:00
0 Plays Today
Year Movie % Correct
1982E.T. The Extra-Terrestrial
87.8%
1975Jaws
79.8%
1993Schindler's List
74.1%
1993Jurassic Park
72.7%
1981Raiders of the Lost Ark
72.4%
1984Indiana Jones and the Temple of Doom
71.5%
1989Indiana Jones and the Last Crusade
67.5%
1998Saving Private Ryan
65.9%
1977Close Encounters of the Third Kind
61.1%
2018Ready Player One
60.8%
1997The Lost World: Jurassic Park
60%
2012Lincoln
55.5%
2011War Horse
50.5%
2001A.I.: Artificial Intelligence
49.7%
2008Indiana Jones and the Kingdom of the Crystal Skull
48.9%
2017The Post
48.7%
Year Movie % Correct
2016The BFG
48.2%
2005War of the Worlds
47.8%
2002Catch Me If You Can
45.2%
2011The Adventures of Tintin
44.4%
2002Minority Report
44%
2005Munich
43.4%
1985The Color Purple
40.6%
2015Bridge of Spies
39.6%
2004The Terminal
38.4%
1991Hook
35.3%
19791941
34.8%
1997Amistad
33.3%
1987Empire of the Sun
31.2%
1974The Sugarland Express
25.9%
1989Always
23.7%

From the Vault

Who Died When I Was President?

by manonthemoon

History 7m
Each person has their own way of remembering what happened and when.
Remove Ads.
Support Sporcle.
Get the best of Sporcle when you Go Orange. This ad-free experience offers more features, more stats, and more fun while also helping to support Sporcle. Thank you for becoming a member.

Show Comments

Extras

Top Quizzes Today


Score Distribution

Your Account Isn't Verified!

In order to create a playlist on Sporcle, you need to verify the email address you used during registration. Go to your Sporcle Settings to finish the process.

Report this User

Report this user for behavior that violates our Community Guidelines.

Details: